| 000 | 00609nam a2200205 i 4500 | ||
|---|---|---|---|
| 001 | 146818 | ||
| 003 | ES-MaACL | ||
| 005 | 20230906201700.0 | ||
| 007 | t| | ||
| 008 | 070918m19701979ag ||||1| spa d | ||
| 080 | _a32(65:44)"1954/1961" | ||
| 080 | _a9(65:44)"1954/1961" | ||
| 080 | _a9(44:65)"1954/1961" | ||
| 100 | 1 |
_aTripier, Philippe. _9111457 |
|
| 245 | 1 | 0 |
_aAutopsia de la Guerra de Argelia / _cPhilippe Tripier ; traducido por Amalia Bellitti. |
| 260 |
_aArgentina : _bRioplatense, _c1976. |
||
| 300 |
_a562 p. ; _c24 cm. |
||
| 700 | 1 |
_aBellitti, Amalia. _927229 |
|
| 852 |
_aES-MaACL _jG-13308 |
||
| 999 |
_c146818 _d146818 |
||